000 00458pab a2200169 454500
008 180718b2009 xxu||||| |||| 00| 0 eng d
100 _aLee, Jung Wook
245 _aOf politics and purpose: political salience and goal ambiguity of US federal agencies
260 _c2009
300 _ap.457-84.
650 _aOrganizations
700 _aChun, Young Han
700 _aRainey, Hal G.
773 _aPublic Administration
908 _aN
909 _a83865
999 _c83865
_d83865